Executive orders / (Record no. 4047)

MARC details
000 -LEADER
fixed length control field 01690cam a22004213a 4500
001 - CONTROL NUMBER
control field 17350265
003 - CONTROL NUMBER IDENTIFIER
control field OSt
005 - DATE AND TIME OF LATEST TRANSACTION
control field 20250129101944.0
008 - FIXED-LENGTH DATA ELEMENTS--GENERAL INFORMATION
fixed length control field 120616r19971996nyu 000 1 eng d
010 ## - LIBRARY OF CONGRESS CONTROL NUMBER
LC control number 2012427551
020 ## - INTERNATIONAL STANDARD BOOK NUMBER
International Standard Book Number 9780425158630 (pbk.)
020 ## - INTERNATIONAL STANDARD BOOK NUMBER
International Standard Book Number 0425158632 (pbk.)
035 ## - SYSTEM CONTROL NUMBER
System control number (OCoLC)ocm37298458
040 ## - CATALOGING SOURCE
Original cataloging agency JBL
Language of cataloging eng
Transcribing agency JBL
Modifying agency GZM
-- SLC
-- OCL
-- OCLCQ
-- XII
-- OCLCQ
-- XY4
-- WRJ
-- OCLCQ
-- BAKER
-- BTCTA
-- YDXCP
-- OCLCG
-- OCLCQ
-- DLC
042 ## - AUTHENTICATION CODE
Authentication code lccopycat
043 ## - GEOGRAPHIC AREA CODE
Geographic area code n-us---
050 00 - LIBRARY OF CONGRESS CALL NUMBER
Classification number CPB Box no. 271 vol. 8
082 ## - DEWEY DECIMAL CLASSIFICATION NUMBER
Classification number 813.54
100 1# - MAIN ENTRY--PERSONAL NAME
Personal name Clancy, Tom,
Dates associated with a name 1947-2013.
245 10 - TITLE STATEMENT
Title Executive orders /
Statement of responsibility, etc. Tom Clancy.
250 ## - EDITION STATEMENT
Edition statement Berkley ed.
260 ## - PUBLICATION, DISTRIBUTION, ETC. (IMPRINT)
Place of publication, distribution, etc. New York :
Name of publisher, distributor, etc. Berkley Books,
Date of publication, distribution, etc. 1997, c1996.
300 ## - PHYSICAL DESCRIPTION
Extent 1358, [1] p. ;
Dimensions 18 cm.
490 0# - SERIES STATEMENT
Series statement A Berkley book
490 0# - SERIES STATEMENT
Series statement Berkley novel
520 ## - SUMMARY, ETC.
Summary, etc. Jack Ryan becomes president by sheer accident when the former president, most of Congress, the Cabinet and the Supreme Court are bombed out of existence. Ryan must jump in to discover who did it, all the while contending with the threat of military takeover and covert biological warfare.
600 10 - SUBJECT ADDED ENTRY--PERSONAL NAME
Personal name Ryan, Jack,
Titles and other words associated with a name Sr. (Fictitious character)
Form subdivision Fiction.
650 #0 - SUBJECT ADDED ENTRY--TOPICAL TERM
Topical term or geographic name as entry element International relations
Form subdivision Fiction.
650 #0 - SUBJECT ADDED ENTRY--TOPICAL TERM
Topical term or geographic name as entry element World politics
Form subdivision Fiction.
650 #0 - SUBJECT ADDED ENTRY--TOPICAL TERM
Topical term or geographic name as entry element Presidents
Geographic subdivision United States
Form subdivision Fiction.
655 #7 - INDEX TERM--GENRE/FORM
Genre/form data or focus term Political fiction.
Source of term lcsh
655 #7 - INDEX TERM--GENRE/FORM
Genre/form data or focus term Adventure fiction.
Source of term gsafd
710 2# - ADDED ENTRY--CORPORATE NAME
Corporate name or jurisdiction name as entry element Copyright Paperback Collection (Library of Congress)
Institution to which field applies DLC
856 4# - ELECTRONIC LOCATION AND ACCESS
Uniform Resource Identifier <a href="http://users.cybercity.dk/%7Ebuu2619/bio.html">http://users.cybercity.dk/%7Ebuu2619/bio.html</a>
906 ## - LOCAL DATA ELEMENT F, LDF (RLIN)
a 7
b cbc
c copycat
d 2
e ncip
f 20
g y-genrareb
942 ## - ADDED ENTRY ELEMENTS (KOHA)
Source of classification or shelving scheme Dewey Decimal Classification
Koha item type Books
Holdings
Withdrawn status Lost status Source of classification or shelving scheme Damaged status Not for loan Home library Current library Date acquired Total Checkouts Full call number Barcode Date last seen Price effective from Koha item type
    Dewey Decimal Classification     Bunge Tower Library Bunge Tower Library 01/29/2025   813.54 2025/0001 01/29/2025 01/29/2025 Books
LIBRARY OPENING HOURS

When the Parliament is sitting: 8.00a.m - 7.00p.m or until the house adjourns
Mondays and Fridays and when the House is on Recess:  8.00a.m - 5.00p.m
Closed on Weekends and Public Holidays

Online Public Access Catalog (OPAC)
Website: http://www.parliament.go.ke
Bunge Library: https://libraryir.parliament.go.ke
Contact: library@parliament.go.ke | Tel no: (254-2)2221291 or 2848000 Ext 5043